000 01077nas a2200337 4500
001 BR2011001838
003 BR-BrBNA
005 20231205114927.0
007 ta
008 230509b bl.|||p| |||| 00| 00por d
040 _aBR-BrBNA
_bpor
_cBiblioteca Nacional de Agricultura
041 _a(Pt)
072 _aSem Cat Prim; E71
100 1 _aCeribeli, D.L.
100 1 _aSilva, D.F. da
100 1 _aQueiroz, I.G. de
100 1 _aFerreira, C.L.
100 1 _aCoronel, D.A.
100 1 _aLírio, V.S.
245 1 _aOrientação regional e competividade do agronegócio da cachaça para a Alemanha e os Estados Unidos
650 _aAGRONEGÓCIO
650 _aCOMÉRCIO INTERNACIONAL
650 _aCOMPETIVIDADE
650 _aCACHAÇA
650 _aALEMANHA
650 _aESTADOS UNIDOS
773 0 _tRevista de Política Agrícola (Brazil)
_xISSN 1413-4969
_g(Jul-Sep 2010), v. 19(3) p. 21-32
_wBR2011001838
856 4 _uRev_Pol_Agr_v19_n3-2010.pdf#page=22
_yRecurso eletrônico (PDF)
909 _a202311
_bLúcia
_c55
_dLúcia Elande
942 _2AGRIS
_n0
_cANA
999 _c211265
_d211265